Missing Word: 2017 Movies (A-Z) Quiz Stats

 Plays Quiz Updated Mar 2, 2019

Score 0/26 Timer 03:00
0 Plays Today
Film Missing Word % Correct
______ Wars: The Last JediStar
94.7%
Murder on the ______ ExpressOrient
93.5%
Kong: Skull ______ Island
91.4%
______ Were Never Really HereYou
86.6%
The ______ ShowmanGreatest
84.1%
______ DriverBaby
81.9%
It Comes at ______ Night
78%
______ LeagueJustice
76.8%
All the ______ in the WorldMoney
74.8%
Jumanji: ______ to the JungleWelcome
69.4%
______: The Golden CircleKingsman
61.6%
Three Billboards Outside ______, MissouriEbbing
61.2%
Captain ______: The First Epic MovieUnderpants
60.8%
Film Missing Word % Correct
The ______ of the FuriousFate
59.8%
The ______ ZoneQuiet
59.2%
Thor: ______ Ragnarok
57.2%
xXx: The Return of ______ CageXander
53.4%
______ HourDarkest
43.2%
Alien: ______ Covenant
39.6%
The ______ BodyguardHitman's
37.6%
Logan ______ Lucky
32.8%
______ AssassinAmerican
31.8%
The ______ WifeZookeeper's
30.7%
The Dark ______ Tower
30.6%
The Florida ______ Project
30.6%
______ and the City of a Thousand PlanetsValerian
24.7%

Today's Daily Dose

Missing Word
1940s A-Z

Quick Pick
'S' Athletes

Get the Picture
Depp or Bonham Carter

You're not logged in!

Compare scores with friends on all Sporcle quizzes.
OR
Log In

Sporcle TV

Today on Sporcle TV


Watch our educational content, quiz creation guides, and fun videos on Sporcle TV.

Show Comments

Extras

Top Quizzes Today


Score Distribution

Your Account Isn't Verified!

In order to create a playlist on Sporcle, you need to verify the email address you used during registration. Go to your Sporcle Settings to finish the process.

Report this User

Report this user for behavior that violates our Community Guidelines.

Details: